[Event "Muensterland Regionalliga 1415"]
[Site "Germany"]
[Date "2014.12.13"]
[Round "4.1"]
[White "Gresshoff, Werner"]
[Black "Ottens, Stephan"]
[Result "1/2-1/2"]
[WhiteElo "1972"]
[BlackElo "2119"]
[PlyCount "65"]
[EventDate "2014.09.20"]
[EventType "team-tourn"]
[EventRounds "9"]
[EventCountry "GER"]
[SourceTitle "EXT 2016"]
[Source "ChessBase"]
[SourceDate "2015.10.08"]
[SourceVersion "1"]
[SourceVersionDate "2015.10.08"]
[SourceQuality "1"]
[WhiteTeam "Muenster III"]
[BlackTeam "Rheine Klein Berlin"]
[WhiteTeamCountry "GER"]
[BlackTeamCountry "GER"]

1. c4 Nf6 2. g3 g6 3. Bg2 Bg7 4. Nc3 0-0 5. e4 d6 6. Nge2 c5 7. 0-0 Nc6 8. d3 a6 9. h3 Rb8 10. a4 Bd7 11. Be3 Na5 12. Re1 Qc8 13. Kh2 h5 14. b3 Nc6 15. d4 cxd4 16. Nxd4 Nxd4 17. Bxd4 b5 18. axb5 axb5 19. e5 dxe5 20. Bxe5 Rb6 21. Ra8 Qc5 22. Rxf8+ Kxf8 23. Bd4 Qxd4 24. Qxd4 Ng4+ 25. Qxg4 hxg4 26. c5 Rb8 27. Nd5 gxh3 28. Nb6 Ke8 29. Nxd7 Kxd7 30. c6+ Kd6 31. Rd1+ Kc5 32. Rc1+ Kb6 33. Kxh3 1/2-1/2

[Event "Muensterland Regionalliga 1415"]
[Site "Germany"]
[Date "2014.09.20"]
[Round "1.1"]
[White "Eiersbrock, Robin"]
[Black "Gresshoff, Werner"]
[Result "1/2-1/2"]
[WhiteElo "1992"]
[BlackElo "1972"]
[PlyCount "39"]
[EventDate "2014.09.20"]
[EventType "team-tourn"]
[EventRounds "9"]
[EventCountry "GER"]
[SourceTitle "EXT 2016"]
[Source "ChessBase"]
[SourceDate "2015.10.08"]
[SourceVersion "1"]
[SourceVersionDate "2015.10.08"]
[SourceQuality "1"]
[WhiteTeam "Duelmen"]
[BlackTeam "Muenster III"]
[WhiteTeamCountry "GER"]
[BlackTeamCountry "GER"]

1. d4 Nf6 2. c4 c5 3. d5 b5 4. cxb5 a6 5. bxa6 g6 6. Nc3 Bxa6 7. e4 Bxf1 8. Kxf1 d6 9. Nf3 Bg7 10. g3 0-0 11. Kg2 Nbd7 12. h3 Qa5 13. Re1 Rfb8 14. a4 Ne8 15. Qd3 Rb4 16. Bd2 Rxb2 17. Nb5 Qb6 18. Reb1 Rxb1 19. Rxb1 Qa6 20. a5 1/2-1/2

[Event "Muensterland Verbandsliga 1213"]
[Site "Germany"]
[Date "2012.09.22"]
[Round "1.1"]
[White "Gresshoff, Werner"]
[Black "Stopka, Tobias"]
[Result "1/2-1/2"]
[WhiteElo "1948"]
[BlackElo "2016"]
[PlyCount "46"]
[EventDate "2012.09.22"]
[EventType "team-tourn"]
[EventRounds "9"]
[EventCountry "GER"]
[SourceTitle "EXT 2015"]
[Source "ChessBase"]
[SourceDate "2014.11.20"]
[SourceVersion "1"]
[SourceVersionDate "2014.11.20"]
[SourceQuality "1"]
[WhiteTeam "Muenster SK III"]
[BlackTeam "Nienberge"]
[WhiteTeamCountry "GER"]
[BlackTeamCountry "GER"]

1. c4 e5 2. g3 Nc6 3. Nc3 f5 4. Nf3 Nf6 5. d4 e4 6. Nh4 g6 7. Bg2 Bg7 8. 0-0 0-0 9. f3 Nh5 10. e3 f4 11. fxe4 fxg3 12. Rxf8+ Bxf8 13. hxg3 Nxg3 14. Qg4 Nh5 15. Nxg6 hxg6 16. Qxg6+ Ng7 17. e5 Ne7 18. Bd5+ Nxd5 19. Nxd5 Qh4 20. Nf6+ Kh8 21. Qf7 Qe1+ 22. Kg2 Qe2+ 23. Kg1 Qe1+ 1/2-1/2

[Event "Muensterland Verbandsliga 1112"]
[Site "Germany"]
[Date "2011.11.19"]
[Round "3.1"]
[White "Gresshoff, Werner"]
[Black "Schneider, Manfred"]
[Result "1/2-1/2"]
[WhiteElo "1972"]
[BlackElo "1995"]
[PlyCount "53"]
[EventDate "2011.09.24"]
[EventType "team-tourn"]
[EventRounds "9"]
[EventCountry "GER"]
[SourceTitle "EXT 2013"]
[Source "ChessBase"]
[SourceDate "2012.11.22"]
[SourceVersion "1"]
[SourceVersionDate "2012.11.22"]
[SourceQuality "1"]
[WhiteTeam "Muenster III"]
[BlackTeam "Muenster Indische Dame"]
[WhiteTeamCountry "GER"]
[BlackTeamCountry "GER"]

1. c4 e5 2. g3 Nf6 3. Nc3 d5 4. cxd5 Nxd5 5. Bg2 Nb6 6. Nf3 Nc6 7. 0-0 Be7 8. Rb1 0-0 9. d3 Be6 10. Be3 Nd5 11. Nxd5 Bxd5 12. Qa4 a6 13. Rbc1 Qe8 14. Rfe1 Rd8 15. a3 Bd6 16. Qh4 Be7 17. Ng5 Bxg5 18. Bxg5 f6 19. Bxd5+ Rxd5 20. Qc4 Qf7 21. Be3 Rfd8 22. b4 R8d7 23. Rc2 Nd8 24. Rec1 Ne6 25. f4 exf4 26. Bxf4 c6 27. Rf1 1/2-1/2

[Event "Muensterland Verbandsklasse-A 1011"]
[Site "Germany"]
[Date "2011.01.29"]
[Round "6.2"]
[White "Mast, Holger"]
[Black "Gresshoff, Werner"]
[Result "0-1"]
[WhiteElo "1741"]
[BlackElo "1916"]
[PlyCount "96"]
[EventDate "2010.09.18"]
[EventType "team-tourn"]
[EventRounds "9"]
[EventCountry "GER"]
[SourceTitle "EXT 2012"]
[Source "ChessBase"]
[SourceDate "2011.11.24"]
[SourceVersion "1"]
[SourceVersionDate "2011.11.24"]
[SourceQuality "1"]
[WhiteTeam "Ahaus Wessum II"]
[BlackTeam "Muenster SK III"]
[WhiteTeamCountry "GER"]
[BlackTeamCountry "GER"]

1. e4 e6 2. d4 d5 3. Nc3 Nf6 4. e5 Nfd7 5. Qg4 c5 6. Be3 Nc6 7. Nf3 cxd4 8. Bxd4 Nxd4 9. Qxd4 Bc5 10. Qg4 0-0 11. Bd3 f5 12. Qh5 Qe7 13. Ne2 g6 14. Qh6 Qg7 15. Qxg7+ Kxg7 16. Nf4 Re8 17. h4 h6 18. Rh3 Nf8 19. Ke2 Bd7 20. Rg1 h5 21. Rg3 Kh6 22. a3 a5 23. Rd1 b5 24. c3 Rab8 25. Nd4 b4 26. axb4 axb4 27. Nc2 bxc3 28. bxc3 Rb2 29. Rd2 Reb8 30. Rh3 Ra2 31. Rh1 Rbb2 32. Rc1 Be7 33. g3 g5 34. Ng2 gxh4 35. Nxh4 Bxh4 36. gxh4 Ng6 37. Ra1 Nxe5 38. Rxa2 Rxa2 39. Nd4 Rxd2+ 40. Kxd2 Nxd3 41. Kxd3 e5 42. Ne2 Bb5+ 43. Ke3 f4+ 44. Nxf4 exf4+ 45. Kxf4 Kg6 46. Ke5 Bc4 47. f4 Bb3 48. f5+ Kf7 0-1

[Event "Muensterland Verbandsklasse-A 1011"]
[Site "Germany"]
[Date "2010.12.11"]
[Round "4.2"]
[White "Mantler, Heinrich"]
[Black "Gresshoff, Werner"]
[Result "0-1"]
[WhiteElo "1754"]
[BlackElo "1916"]
[PlyCount "108"]
[EventDate "2010.09.18"]
[EventType "team-tourn"]
[EventRounds "9"]
[EventCountry "GER"]
[SourceTitle "EXT 2012"]
[Source "ChessBase"]
[SourceDate "2011.11.24"]
[SourceVersion "1"]
[SourceVersionDate "2011.11.24"]
[SourceQuality "1"]
[WhiteTeam "Nienberge II"]
[BlackTeam "Muenster SK III"]
[WhiteTeamCountry "GER"]
[BlackTeamCountry "GER"]

1. d4 d5 2. c4 dxc4 3. e3 Nf6 4. Bxc4 e6 5. Nf3 c5 6. 0-0 a6 7. dxc5 Bxc5 8. Qxd8+ Kxd8 9. a3 Ke7 10. b4 Bd6 11. Bb2 Nbd7 12. Rd1 b6 13. Nbd2 Bb7 14. Rac1 Rac8 15. Bb3 b5 16. Bd4 Rhg8 17. Ne1 e5 18. Bb2 e4 19. Nc2 Ne5 20. Bxe5 Bxe5 21. Nd4 g6 22. h3 Rgd8 23. Rxc8 Rxc8 24. Ne2 Rd8 25. Kf1 Bb2 26. Nb1 Rxd1+ 27. Bxd1 Nd5 28. Bb3 f5 29. Ke1 Nb6 30. Nd4 Bxd4 31. exd4 Bd5 32. Bxd5 Nxd5 33. Kd2 Kd6 34. g3 g5 35. Ke2 Nb6 36. Nc3 Nc4 37. a4 bxa4 38. Nxa4 Kd5 39. Nc5 Kxd4 40. Nxa6 Nd6 41. Nc7 h6 42. g4 f4 43. b5 Kc5 44. b6 Kxb6 45. Ne6 Kc6 46. Nd4+ Kd5 47. Nc2 Kc4 48. Ne1 Nb5 49. Kd2 Nd4 50. Ng2 Nf3+ 51. Kc2 Ng1 52. h4 e3 53. fxe3 f3 54. hxg5 hxg5 0-1

[Event "Muensterland Verbandsklasse-A 1011"]
[Site "Germany"]
[Date "2010.11.13"]
[Round "3.3"]
[White "Grund, Wolfgang"]
[Black "Gresshoff, Werner"]
[Result "1-0"]
[WhiteElo "1834"]
[BlackElo "1916"]
[PlyCount "53"]
[EventDate "2010.09.18"]
[EventType "team-tourn"]
[EventRounds "9"]
[EventCountry "GER"]
[SourceTitle "EXT 2012"]
[Source "ChessBase"]
[SourceDate "2011.11.24"]
[SourceVersion "1"]
[SourceVersionDate "2011.11.24"]
[SourceQuality "1"]
[WhiteTeam "Duelmen"]
[BlackTeam "Muenster SK III"]
[WhiteTeamCountry "GER"]
[BlackTeamCountry "GER"]

1. e4 e6 2. d4 d5 3. e5 c5 4. c3 Nc6 5. Bb5 Qb6 6. Bxc6+ bxc6 7. Ne2 Ba6 8. dxc5 Bxc5 9. 0-0 Nh6 10. b4 Bxf2+ 11. Rxf2 Ng4 12. Nd4 Nxf2 13. Kxf2 0-0 14. Be3 f6 15. Nf3 Qc7 16. exf6 Rxf6 17. Kg1 Raf8 18. Nbd2 e5 19. Qa4 Qc8 20. Nxe5 Qf5 21. Qxa6 c5 22. Nc6 Qd7 23. b5 d4 24. cxd4 Qe8 25. Qa3 Re6 26. Re1 Qg6 27. d5 1-0

[Event "Muensterland Verbandsklasse-B 0910"]
[Site "Germany"]
[Date "2010.02.20"]
[Round "7.4"]
[White "Waeltermann, Thomas"]
[Black "Gresshoff, Werner"]
[Result "1/2-1/2"]
[WhiteElo "1747"]
[BlackElo "1905"]
[PlyCount "27"]
[EventDate "2009.09.19"]
[EventType "team-tourn"]
[EventRounds "9"]
[EventCountry "GER"]
[SourceTitle "EXT 2011"]
[Source "ChessBase"]
[SourceDate "2010.11.26"]
[SourceVersion "1"]
[SourceVersionDate "2010.11.26"]
[SourceQuality "1"]
[WhiteTeam "Beelen"]
[BlackTeam "Muenster SK III"]
[WhiteTeamCountry "GER"]
[BlackTeamCountry "GER"]

1. e4 e6 2. d4 d5 3. Nc3 Nf6 4. e5 Nfd7 5. f4 c5 6. Nf3 Nc6 7. Ne2 f6 8. c3 cxd4 9. cxd4 fxe5 10. fxe5 Bb4+ 11. Nc3 0-0 12. Bd3 Rxf3 13. Qxf3 Qh4+ 14. Qf2 1/2-1/2

[Event "Muensterland Verbandsklasse-B 0910"]
[Site "Germany"]
[Date "2009.12.19"]
[Round "4.4"]
[White "Gresshoff, Werner"]
[Black "Kornick, Ulrich"]
[Result "0-1"]
[WhiteElo "1905"]
[BlackElo "1843"]
[PlyCount "72"]
[EventDate "2009.09.19"]
[EventType "team-tourn"]
[EventRounds "9"]
[EventCountry "GER"]
[SourceTitle "EXT 2011"]
[Source "ChessBase"]
[SourceDate "2010.11.26"]
[SourceVersion "1"]
[SourceVersionDate "2010.11.26"]
[SourceQuality "1"]
[WhiteTeam "Muenster SK III"]
[BlackTeam "Rheine Klein Berlin II"]
[WhiteTeamCountry "GER"]
[BlackTeamCountry "GER"]

1. d4 d5 2. Bf4 g6 3. e3 Bg7 4. Nf3 c5 5. c3 Nf6 6. Be2 Nc6 7. 0-0 Qb6 8. Qb3 Nd7 9. Na3 a6 10. Rfe1 Qxb3 11. axb3 Ra7 12. dxc5 Nxc5 13. b4 Ne6 14. Bg3 b5 15. Rad1 Rd7 16. Nd4 Nexd4 17. exd4 0-0 18. f4 Rb7 19. Bf3 e6 20. Ra1 a5 21. bxa5 Nxa5 22. b4 Nc6 23. Be2 Na7 24. Nb1 Bd7 25. Ra5 Nc8 26. Na3 Nd6 27. Bd3 f5 28. Bh4 Rfb8 29. Be7 Ne4 30. Bxe4 fxe4 31. Ra1 Rc8 32. Nb1 Be8 33. Bd6 Bf6 34. Ra7 Rxa7 35. Rxa7 Rxc3 36. Nxc3 Bxd4+ 0-1

[Event "IECG CM.2005.0.00281"]
[Site "IECG email"]
[Date "2005.06.26"]
[Round "?"]
[White "Roberts, Anthony"]
[Black "Gresshoff, Werner"]
[Result "1-0"]
[WhiteElo "2292"]
[BlackElo "2246"]
[PlyCount "63"]
[EventDate "2005.06.26"]
[EventType "tourn (corr)"]
[EventRounds "6"]
[SourceTitle "Corr 2008"]
[Source "ChessBase"]
[SourceDate "2008.06.24"]
[SourceVersion "1"]
[SourceVersionDate "2008.06.24"]
[SourceQuality "1"]

1. e4 e6 2. d4 d5 3. Nc3 Bb4 4. e5 c5 5. a3 Bxc3+ 6. bxc3 Ne7 7. Nf3 Nbc6 8. Be2 Qa5 9. Bd2 0-0 10. 0-0 c4 11. Re1 f6 12. exf6 Rxf6 13. Bg5 Rf8 14. Qd2 Nf5 15. Bf4 b5 16. Ne5 Nxe5 17. Bxe5 Qd8 18. Qf4 a5 19. Qg4 Ra7 20. Reb1 Rb7 21. Bd1 Qe7 22. Qf4 Qf7 23. Qg5 Nd6 24. Bf3 Ne4 25. Qe3 Nf6 26. Qe2 Bd7 27. h4 Ra8 28. Re1 Re8 29. h5 Bc6 30. h6 gxh6 31. Qd2 Qg6 32. Re3 1-0

[Event "Muensterland Verbandsklasse-A 0405"]
[Site "Muensterland"]
[Date "2005.02.12"]
[Round "6.1"]
[White "Gresshoff, Werner"]
[Black "Sarana Hungeling, Oksana"]
[Result "1/2-1/2"]
[WhiteElo "1968"]
[BlackElo "2148"]
[PlyCount "83"]
[EventDate "2004.09.11"]
[EventType "team-tourn"]
[EventRounds "9"]
[EventCountry "GER"]
[SourceTitle "EXT 2006"]
[Source "ChessBase"]
[SourceDate "2005.11.24"]
[SourceVersion "1"]
[SourceVersionDate "2005.11.24"]
[SourceQuality "1"]
[WhiteTeam "Sendenhorst"]
[BlackTeam "Emsdetten Turm III"]
[WhiteTeamCountry "GER"]
[BlackTeamCountry "GER"]

1. d4 Nf6 2. c4 c5 3. d5 b5 4. cxb5 a6 5. bxa6 d6 6. Nc3 Bxa6 7. e4 Bxf1 8. Kxf1 g6 9. g3 Bg7 10. Kg2 0-0 11. Nf3 Nbd7 12. Re1 Ng4 13. Qe2 Nb6 14. Nd2 Ne5 15. f4 Ned7 16. Nf3 Nf6 17. Bd2 Qd7 18. Rad1 Rfb8 19. Bc1 Qb7 20. Qc2 Ra6 21. Re2 Qa8 22. b3 Qb7 23. Bb2 Rd8 24. a4 Ne8 25. Red2 Nc7 26. Qd3 Ra5 27. Rc2 Na6 28. Qe2 Na8 29. Nb5 Bxb2 30. Rxb2 N8c7 31. Na3 Nb4 32. Nc4 Ra7 33. Ne1 Rb8 34. Nd3 Qa8 35. Nxb4 Rxb4 36. Qf3 Rab7 37. Rdd2 Qb8 38. Qe2 Rxb3 39. Rxb3 Rxb3 40. Na5 Rb1 41. Nc6 Qb3 42. a5 1/2-1/2

[Event "Muensterland Verbandsklasse-A 0405"]
[Site "Muensterland"]
[Date "2004.11.06"]
[Round "3.1"]
[White "Rapatinski, Konstantin"]
[Black "Gresshoff, Werner"]
[Result "1-0"]
[WhiteElo "2135"]
[BlackElo "1968"]
[PlyCount "47"]
[EventDate "2004.09.11"]
[EventType "team-tourn"]
[EventRounds "9"]
[EventCountry "GER"]
[SourceTitle "EXT 2006"]
[Source "ChessBase"]
[SourceDate "2005.11.24"]
[SourceVersion "1"]
[SourceVersionDate "2005.11.24"]
[SourceQuality "1"]
[WhiteTeam "Muenster Indische Dame"]
[BlackTeam "Sendenhorst"]
[WhiteTeamCountry "GER"]
[BlackTeamCountry "GER"]

1. Nf3 Nf6 2. c4 c5 3. Nc3 e6 4. d4 cxd4 5. Nxd4 b6 6. Ndb5 d5 7. Bf4 Na6 8. Qa4 Qd7 9. cxd5 Nxd5 10. 0-0-0 Bb7 11. e4 Nc5 12. Qc2 Nxc3 13. Rxd7 Nxa2+ 14. Kb1 Bxe4 15. Rd3 Nb4 16. Nc7+ Ke7 17. Qc3 Nbxd3 18. Bxd3 Bxd3+ 19. Ka1 Rd8 20. Rd1 Rd7 21. f3 Rd4 22. b4 Rc4 23. Qe5 Rxb4 24. Nd5+ 1-0

[Event "Muensterland Verbandsklasse-A 0405"]
[Site "Muensterland"]
[Date "2004.09.11"]
[Round "1.1"]
[White "Berger, Alfred Josef"]
[Black "Gresshoff, Werner"]
[Result "1-0"]
[WhiteElo "1850"]
[BlackElo "1968"]
[PlyCount "69"]
[EventDate "2004.09.11"]
[EventType "team-tourn"]
[EventRounds "9"]
[EventCountry "GER"]
[SourceTitle "EXT 2006"]
[Source "ChessBase"]
[SourceDate "2005.11.24"]
[SourceVersion "1"]
[SourceVersionDate "2005.11.24"]
[SourceQuality "1"]
[WhiteTeam "Heiden II"]
[BlackTeam "Sendenhorst"]
[WhiteTeamCountry "GER"]
[BlackTeamCountry "GER"]

1. Nc3 d5 2. e4 dxe4 3. Nxe4 Qd5 4. Nc3 Qa5 5. Bc4 c6 6. Qf3 Nf6 7. h3 Bf5 8. d3 e6 9. Nge2 Nbd7 10. g4 Bg6 11. Qg3 Ne5 12. Bb3 0-0-0 13. f4 Ned7 14. Bd2 Bb4 15. a3 Nc5 16. Bc4 b5 17. Ba2 Bxc3 18. Bxc3 Qc7 19. 0-0-0 Ncd7 20. f5 exf5 21. gxf5 Bh5 22. Rde1 Qxg3 23. Nxg3 Bf3 24. Rhg1 Bd5 25. Bxd5 cxd5 26. Ne2 g6 27. Nd4 Rhe8 28. fxg6 hxg6 29. Nxb5 Rxe1+ 30. Rxe1 Rh8 31. Rf1 a6 32. Nd6+ Kc7 33. Bxf6 Nxf6 34. Rxf6 Rxh3 35. Nxf7 1-0

[Event "Muensterland Verbandsklasse-A 0304"]
[Site "Germany"]
[Date "2004.04.17"]
[Round "9.2"]
[White "Kasubke, Manfred"]
[Black "Gresshoff, Werner"]
[Result "1-0"]
[WhiteElo "1886"]
[BlackElo "1958"]
[PlyCount "63"]
[EventDate "2003.09.20"]
[EventType "team-tourn"]
[EventRounds "9"]
[EventCountry "GER"]
[SourceTitle "EXT 2005"]
[Source "ChessBase"]
[SourceDate "2004.11.15"]
[SourceVersion "1"]
[SourceVersionDate "2004.11.15"]
[SourceQuality "1"]
[WhiteTeam "Nordwalde"]
[BlackTeam "Sendenhorst"]
[WhiteTeamCountry "GER"]
[BlackTeamCountry "GER"]

1. c4 Nf6 2. Nc3 c5 3. g3 Nc6 4. Bg2 e6 5. e3 b6 6. Nge2 Bb7 7. 0-0 Be7 8. d4 cxd4 9. exd4 d5 10. cxd5 Nxd5 11. Nxd5 exd5 12. Nc3 Na5 13. Qg4 0-0 14. Bf4 Rc8 15. Rac1 g6 16. Bh6 Re8 17. h4 Nc4 18. b3 Na3 19. h5 Bb4 20. hxg6 hxg6 21. Ne2 Ba6 22. Nf4 Bd2 23. Bg5 Qd6 24. Nxd5 Rxc1 25. Rxc1 Bxc1 26. Nf6+ Kf8 27. Nxe8 Kxe8 28. Qe4+ Qe6 29. Qa8+ Qc8 30. Bc6+ Kf8 31. Bxc1 Qxa8 32. Bxa3+ 1-0

[Event "Muensterland Verbandsklasse-A 0304"]
[Site "Germany"]
[Date "2004.02.14"]
[Round "6.1"]
[White "Gresshoff, Werner"]
[Black "Bosman, Michiel"]
[Result "1/2-1/2"]
[WhiteElo "1958"]
[BlackElo "2350"]
[PlyCount "118"]
[EventDate "2003.09.20"]
[EventType "team-tourn"]
[EventRounds "9"]
[EventCountry "GER"]
[SourceTitle "EXT 2005"]
[Source "ChessBase"]
[SourceDate "2004.11.15"]
[SourceVersion "1"]
[SourceVersionDate "2004.11.15"]
[SourceQuality "1"]
[WhiteTeam "Sendenhorst"]
[BlackTeam "Emsdetten Turm III"]
[WhiteTeamCountry "GER"]
[BlackTeamCountry "GER"]

1. e4 e6 2. d4 d5 3. e5 c5 4. c3 Nc6 5. Nf3 Bd7 6. a3 Nge7 7. Be2 Rc8 8. 0-0 Ng6 9. Re1 Be7 10. b4 cxd4 11. cxd4 0-0 12. Be3 a6 13. Qb3 Qb6 14. Nbd2 Na7 15. Rac1 Bb5 16. Bxb5 Qxb5 17. Nb1 Rxc1 18. Rxc1 Rc8 19. Rxc8+ Nxc8 20. Qc3 Qd7 21. Nbd2 Nb6 22. Qc1 Bf8 23. Ne1 Qb5 24. Qc2 Qe2 25. Ndf3 Qc4 26. Nd2 Qe2 27. Ndf3 Qb5 28. Nd2 h6 29. Nd3 Ne7 30. Nc5 Nf5 31. Qd3 Bxc5 32. Qxb5 axb5 33. bxc5 Nc4 34. Nxc4 bxc4 35. Kf1 Kf8 36. Ke1 Ke8 37. Kd2 Kd7 38. Kc3 Kc6 39. Kb4 h5 40. g3 f6 41. exf6 gxf6 42. h3 Nxe3 43. fxe3 f5 44. h4 Kd7 45. Kc3 Kc7 46. Kb4 Kc6 47. Ka4 e5 48. Kb4 e4 49. Ka4 Kc7 50. Kb4 Kd8 51. Kc3 Kd7 52. Kb4 Ke6 53. Kc3 Kd7 54. Kb4 Kc6 55. Ka4 Kc7 56. Kb4 Kb8 57. Ka4 Ka7 58. Kb4 Ka6 59. Ka4 Ka7 1/2-1/2

[Event "Muensterland Verbandsklasse-A 0304"]
[Site "Germany"]
[Date "2003.09.20"]
[Round "1.2"]
[White "Gresshoff, Werner"]
[Black "Lammens, Tim"]
[Result "0-1"]
[WhiteElo "1958"]
[BlackElo "2136"]
[PlyCount "100"]
[EventDate "2003.09.20"]
[EventType "team-tourn"]
[EventRounds "9"]
[EventCountry "GER"]
[SourceTitle "EXT 2005"]
[Source "ChessBase"]
[SourceDate "2004.11.15"]
[SourceVersion "1"]
[SourceVersionDate "2004.11.15"]
[SourceQuality "1"]
[WhiteTeam "Sendenhorst"]
[BlackTeam "Gesch II"]
[WhiteTeamCountry "GER"]
[BlackTeamCountry "GER"]

1. e4 c5 2. Nf3 d6 3. d4 cxd4 4. Nxd4 Nf6 5. Nc3 g6 6. Be3 Bg7 7. f3 Nc6 8. Qd2 0-0 9. 0-0-0 Nxd4 10. Bxd4 Be6 11. Kb1 Qc7 12. h4 Rfc8 13. g4 Qa5 14. Qg5 b5 15. Qxb5 Qc7 16. Ka1 Rab8 17. Qa4 Bd7 18. Qa3 e5 19. Be3 Bf8 20. Nd5 Nxd5 21. exd5 e4 22. Ba6 Re8 23. Bd4 Qxc2 24. h5 Bg7 25. Bxg7 Kxg7 26. Rc1 Qd2 27. hxg6 hxg6 28. Rcd1 Qb4 29. Qxb4 Rxb4 30. a3 Ra4 31. Be2 exf3 32. Bxf3 Re3 33. Rh3 Rf4 34. Bg2 Re2 35. Bf3 Re3 36. Bg2 Rxh3 37. Bxh3 Rf3 38. Bf1 Bxg4 39. Be2 Rf4 40. Bxg4 Rxg4 41. Rd3 f5 42. b4 Kf6 43. Kb2 f4 44. a4 Rg3 45. Rd1 f3 46. b5 Rg2+ 47. Kb3 f2 48. Rf1 Ke5 49. b6 axb6 50. Kc4 Ke4 0-1

[Event "Muensterland Verbandsliga 0203"]
[Site "Muensterland"]
[Date "2002.09.21"]
[Round "1.1"]
[White "Schepers, Volker"]
[Black "Gresshoff, Werner"]
[Result "0-1"]
[WhiteElo "2059"]
[BlackElo "1958"]
[PlyCount "64"]
[EventDate "2002.09.21"]
[EventType "team-tourn"]
[EventRounds "9"]
[EventCountry "GER"]
[SourceTitle "EXT 2004"]
[Source "ChessBase"]
[SourceDate "2003.11.25"]
[SourceVersion "1"]
[SourceVersionDate "2003.11.25"]
[SourceQuality "1"]
[WhiteTeam "Saerbeck Falke"]
[BlackTeam "Telgte"]
[WhiteTeamCountry "GER"]
[BlackTeamCountry "GER"]

1. e4 e6 2. d4 d5 3. Nd2 c5 4. exd5 Qxd5 5. Ngf3 cxd4 6. Bc4 Qd6 7. 0-0 Nf6 8. Nb3 Nc6 9. Nbxd4 Nxd4 10. Nxd4 a6 11. c3 Qc7 12. Qe2 Bd6 13. h3 0-0 14. Bg5 Ne4 15. Be3 Bf4 16. Bb3 Nf6 17. Rad1 b5 18. Qf3 Bh2+ 19. Kh1 Bb7 20. Qe2 Nd5 21. Bxd5 Bxd5 22. f4 Bc4 23. Qg4 Bxf1 24. Rxf1 Qc4 25. Rf2 f5 26. Qf3 e5 27. Nxf5 Bxf4 28. Bxf4 exf4 29. Qg4 g6 30. Rxf4 Qc7 31. h4 Rae8 32. Kg1 Kh8 0-1